000 01631nam a2200529 i 4500
001 6190
003 KOSZ 005
005 20220516102049.0
008 970513s1992 pl f |000 0 pol
015 _aPB 1992/7900
020 _a8302048267
035 _a991001447349705066
035 _a(PL-WaBN)b10416766-48omnis_nlop
035 _ab10416766
035 _a(OCoLC)749272137
035 _a(PL)b0000001041676
035 _a(EXLNZ-48OMNIS_NETWORK)9910385566505606
040 _aWA N
_cWA N
_dKOSZ 005/EC
041 0 _apol
_beng
046 _k1992
080 _a37.03
080 _a159.94
080 _a159.922.7
100 1 _aŁopatkowa, Maria
_d(1927-2016)
_eAutor
245 1 0 _aPedagogika serca /
_cMaria Łopatkowa.
260 _aWarszawa :
_bWydawnictwa Szkolne i Pedagogiczne,
_c1992.
300 _a225, [2] s. ;
_c21 cm.
336 _2rdacontent
_aTekst
_btxt
337 _2rdamedia
_aBez urządzenia pośredniczącego
_bn
338 _2rdacarrier
_aWolumin
_bnc
380 _aKsiążki
380 _aPublikacje dydaktyczne
385 _mPoziom nauczania
_aSzkoły wyższe
388 _a1901-2000
388 _a1989-2000
504 _aSumm.
650 7 _aPsychologia
650 7 _aWychowanie
650 7 _aMiłość
650 7 _aPsychologia dziecka
658 _aEdukacja i pedagogika
658 _aRodzina, relacje międzyludzkie
710 2 _aWydawnictwa Szkolne i Pedagogiczne
_4pbl
856 _uhttp://koha.tu.koszalin.pl/cgi-bin/koha/opac-detail.pl?biblionumber=6190
_yKatalog online BPK
942 _2UKD
_cKS
999 _c6190
_d6190